Pick the SNL Cast Members Quiz Stats

 Plays Quiz Updated Dec 12, 2015

Also try: SNL Cast Blitz
Challenge
Share
Tweet
Embed
Score 0/25 Timer 02:00
19 Plays Today
% Correct
Tina Fey
94%
Amy Poehler
92.8%
Chris Farley
90.8%
Chevy Chase
90.5%
Dana Carvey
89.5%
Jimmy Fallon
89.4%
Eddie Murphy
89.3%
Tracy Morgan
88.5%
Bill Hader
88.1%
Molly Shannon
87.3%
Kenan Thompson
87.1%
John Belushi
87%
Fred Armisen
85.5%
% Correct
Gilda Radner
84.7%
Bill Murray
84.6%
Darrell Hammond
82.3%
Rachel Dratch
82.1%
Jim Belushi
73.4%
Julia Louis-Dreyfus
71.8%
Billy Crystal
66.6%
Sarah Silverman
61.2%
Robert Downey Jr.
57.3%
Joan Cusack
54.8%
Gilbert Gottfried
49.5%
Siobhan Fallon
42.4%

You're not logged in!

Compare scores with friends on all Sporcle quizzes.
OR
Log In

You Might Also Like...

Show Comments

Extras

Top Quizzes Today


Score Distribution

Your Account Isn't Verified!

In order to create a playlist on Sporcle, you need to verify the email address you used during registration. Go to your Sporcle Settings to finish the process.

Report this User

Report this user for behavior that violates our Community Guidelines.

Details: